Eddie Money-Take Me Home Tonight (Lyrics) - Statistics

General Stats
  • This quiz has been taken 77 times
  • The average score is 231 of 309
Answer Stats
Lyrics % Correct
Home
98%
I
98%
Me
98%
Take
98%
To
98%
The
94%
Tonight
94%
You
94%
"Baby"
92%
Baby
92%
"Baby,"
92%
"Be"
92%
Be
92%
My
91%
"My"
91%
When
91%
Go
89%
"Little"
89%
Little
89%
Want
89%
A
87%
Don't
87%
See
87%
Light
85%
Just
81%
Let
81%
Feel
77%
Like
74%
It
70%
Can
68%
Ronnie
68%
It's
66%
Your
66%
Heart
64%
Hunger,
64%
Hunger
64%
Night
64%
Said,
64%
Beat
62%
'Til
62%
Listen
58%
"Darling"
57%
Faster
55%
That
55%
On
49%
Sang,
49%
Sang
49%
And
47%
In
47%
Are
45%
Is
45%
Keep
45%
Alone
43%
Need
42%
Angel
40%
At
40%
Honey,
40%
Some
40%
This
40%
All
38%
Company,
36%
Get
36%
Sleep
36%
Warm
36%
Breathe
34%
Guardian
34%
Hate
32%
Cold
30%
Man
30%
Tries
30%
With
30%
You're
30%
Appetite
28%
Awake
28%
Blow
28%
Answer?
26%
Isn't
26%
Power
25%
Should
25%
Streets
25%
Winds
25%
City
23%
Through
23%
Anticipation
21%
Engine
21%
Safe
21%
Walk
21%
Wonder
21%
Running
19%
Turn
19%
Find
13%
Key
13%
Let's
11%
Releasing
11%
Frightened
9%
Nightmares
9%
Darkness
8%
No matching quizzes found
Score Distribution
Percent of People with Each Score
Percentile by Number Answered
Your Score History
You have not taken this quiz